<?xml version="1.0" encoding="UTF-8"?>
<record
    xmlns:xsi="http://www.w3.org/2001/XMLSchema-instance"
    xsi:schemaLocation="http://www.loc.gov/MARC21/slim http://www.loc.gov/standards/marcxml/schema/MARC21slim.xsd"
    xmlns="http://www.loc.gov/MARC21/slim">

  <leader>00799nam a2200253   4500</leader>
  <controlfield tag="001">32050</controlfield>
  <datafield tag="010" ind1=" " ind2=" ">
    <subfield code="a">9789722416009</subfield>
  </datafield>
  <datafield tag="021" ind1=" " ind2=" ">
    <subfield code="a">PT</subfield>
    <subfield code="b">383221/14</subfield>
  </datafield>
  <datafield tag="090" ind1=" " ind2=" ">
    <subfield code="a">32050</subfield>
  </datafield>
  <datafield tag="100" ind1=" " ind2=" ">
    <subfield code="a">20150609d2014    c  y0pory50030103ba</subfield>
  </datafield>
  <datafield tag="101" ind1="0" ind2=" ">
    <subfield code="a">por</subfield>
  </datafield>
  <datafield tag="102" ind1=" " ind2=" ">
    <subfield code="a">PT</subfield>
  </datafield>
  <datafield tag="200" ind1="1" ind2=" ">
    <subfield code="a">A fada palavrinha e o gigante das bibliotecas</subfield>
    <subfield code="f">Lu&#xED;sa Ducla Soares</subfield>
    <subfield code="g">il. Maria Jo&#xE3;o Raimundo</subfield>
  </datafield>
  <datafield tag="205" ind1=" " ind2=" ">
    <subfield code="a">3&#xAA; ed.</subfield>
  </datafield>
  <datafield tag="210" ind1=" " ind2=" ">
    <subfield code="a">Lisboa</subfield>
    <subfield code="c">Livros Horizonte</subfield>
    <subfield code="d">2014</subfield>
  </datafield>
  <datafield tag="215" ind1=" " ind2=" ">
    <subfield code="a">[42] p.</subfield>
    <subfield code="c">il.</subfield>
    <subfield code="d">28 cm</subfield>
  </datafield>
  <datafield tag="300" ind1=" " ind2=" ">
    <subfield code="a">Ler + Plano Nacional de Leitura.</subfield>
  </datafield>
  <datafield tag="606" ind1=" " ind2=" ">
    <subfield code="9">506</subfield>
    <subfield code="a">Poesia infantil</subfield>
  </datafield>
  <datafield tag="675" ind1=" " ind2=" ">
    <subfield code="a">82-93</subfield>
    <subfield code="9">2040</subfield>
  </datafield>
  <datafield tag="700" ind1=" " ind2=" ">
    <subfield code="9">2431</subfield>
    <subfield code="a">Soares</subfield>
    <subfield code="b">Lu&#xED;sa Ducla</subfield>
    <subfield code="f">1939-</subfield>
    <subfield code="4">070</subfield>
  </datafield>
  <datafield tag="701" ind1=" " ind2=" ">
    <subfield code="4">440</subfield>
    <subfield code="9">3601</subfield>
    <subfield code="a">Raimundo</subfield>
    <subfield code="b">Maria Jo&#xE3;o</subfield>
  </datafield>
  <datafield tag="801" ind1=" " ind2="0">
    <subfield code="a">PT</subfield>
    <subfield code="b">BN</subfield>
    <subfield code="g">RPC</subfield>
  </datafield>
  <datafield tag="856" ind1="4" ind2="1">
    <subfield code="u">http://rnod.bn.pt/ImagesBN/winlibimg.aspx?skey=&amp;doc=1903126&amp;img=60914&amp;save=true</subfield>
  </datafield>
  <datafield tag="990" ind1=" " ind2=" ">
    <subfield code="c">LIVROS</subfield>
  </datafield>
  <datafield tag="995" ind1=" " ind2=" ">
    <subfield code="0">0</subfield>
    <subfield code="1">0</subfield>
    <subfield code="9">44608</subfield>
    <subfield code="b">BMVA</subfield>
    <subfield code="d">BMVA</subfield>
    <subfield code="f">0031745</subfield>
    <subfield code="k">82-93 SOA</subfield>
    <subfield code="o">0</subfield>
    <subfield code="r">LIVROS</subfield>
    <subfield code="u">10-15 anos</subfield>
  </datafield>
  <datafield tag="995" ind1=" " ind2=" ">
    <subfield code="0">0</subfield>
    <subfield code="1">0</subfield>
    <subfield code="9">48733</subfield>
    <subfield code="b">BMVA</subfield>
    <subfield code="d">BMVAAG</subfield>
    <subfield code="f">0034078</subfield>
    <subfield code="k">82-93 SOA</subfield>
    <subfield code="o">0</subfield>
    <subfield code="r">LIVROS</subfield>
    <subfield code="s"></subfield>
  </datafield>
</record>
